000 00421nam a2200145Ia 4500
008 161229s9999 xx 000 0 und d
020 _a0195633431
082 _a338.18 HAN/AG
100 _aHanumantha Rao, C H
245 _aAgricultural growth,rural poverty and environmental degradation in india
260 _bOxford University Press
_aBombay
_c1994
300 _axiv,274
700 _aMishra, S N,ed.
942 _cBK
999 _c149978
_d149978